Guess the Taylor Swift song no hints (one) - Statistics

General Stats
  • This quiz has been taken 28 times
  • The average score is 101 of 174
Answer Stats
% Correct
I
100%
you
95%
you,
95%
a
91%
the
91%
to
91%
To
91%
your
91%
in
86%
And
82%
down,
77%
down
77%
(down)
77%
(down),
77%
of
73%
But
68%
can't
68%
did
68%
Just
68%
just
68%
not
68%
up
68%
what
68%
one
64%
out"
64%
out,
64%
out
64%
(out),
64%
think
64%
With
64%
you've
64%
now
59%
about
55%
she's
55%
hand
50%
he's
50%
some
50%
fall
45%
make
45%
Something
45%
things
45%
dream
41%
Keep
41%
keep
41%
seen
41%
Watch
41%
breathe
36%
epiphany
36%
Only
36%
sense
36%
20
32%
breathing
32%
daughter,
32%
life,
32%
serve
32%
Someone's
32%
someone's
32%
son
32%
speak
32%
cover
27%
crashing
27%
"Doc,
27%
flesh
27%
glimpse
27%
helmet,
27%
here's
27%
minutes
27%
mother
27%
single
27%
sleep
27%
through
27%
wound,
27%
bleeding
23%
Holds
23%
med
23%
relief
23%
rifle
23%
school
23%
"Sir,
23%
beaches
18%
Crawling
18%
plastic
18%
No matching quizzes found
Score Distribution
Percent of People with Each Score
Percentile by Number Answered
Your Score History
You have not taken this quiz